000 00645nam a2200265Ia 4500
003 OSt
005 20220912150403.0
006 a|||||r|||| 00| 0
007 ta
008 220909b |||||||| |||| 00| 0 eng d
024 _a37662
037 _cTextbook
040 _aCSL
_beng
_cCSL
041 _aeng
082 _aE982:(F), N0
100 _aChaplin M E
245 0 _aEnzyme technology
260 _aCambridge
_bCUP
_c1990
300 _axvi, 264p.
_ccm.
650 _a Enzyme
650 _aChemistry
700 _a Bucke C
942 _hE982:(F), N0
_cTB
_2CC
999 _c46316
_d46316